• 首页
  • 本馆介绍
  • 公告通知
  • 最新文献
  • 馆藏检索
  • 电子资源
  • 读者导购
  • 参考咨询
  • 我的图书馆
  • 登录
  • 详细信息显示
  • 放入我的书架
  • 预约/预借图书
  • 作者相关作品
  • 分类相关作品
  • 丛书相关作品
  • 出版社相关作品

书目信息

  • 表格格式
  • 工作单格式
  • 卡片格式
题名:
荞麦栽培学
    
 
作者: 赵钢 , 彭镰心 , 向达兵 主编
分册:  
出版信息: 北京   科学出版社  2015.08
页数: 458页
开本: 25cm
丛书名:
单 册:
中图分类: S517
科图分类:
主题词: 荞麦--栽培学
电子资源:
ISBN: 978-7-03-045575-8
000 01051nam0 2200241 450
001 4567
005 20181012131126.61
010    @a978-7-03-045575-8@b精装@dCNY98.00
100    @a20151126d2015 em y0chiy0110 ea
101 0  @achi
102    @aCN@b110000
105    @aa z 000yy
200 1  @a荞麦栽培学@9qiao mai zai pei xue@f赵钢,彭镰心,向达兵主编
210    @a北京@c科学出版社@d2015.08
215    @a458页@c图@d25cm
330    @a本书主要介绍杂粮栽培学的基本概念、形成与特征,主要栽培杂粮的起源、传播与分布,以及人类的应用。重点介绍了杂粮的生长发育特性、器官的形成及生长发育的相关性等作物个体生长与发育的基本规律;杂粮群体生长的基本特征与特性,杂粮群体物质生产中源、库、流的相互关系,杂粮产量构成因子、产量形成及产量潜力,以及品质形成规律与调控;杂粮与生态环境的关系,杂粮的生态适应性及环境对作物生长的调节作用。
606 0  @a荞麦@x栽培学
690    @aS517@v5
701  0 @a赵钢@9zhao gang@4主编
701  0 @a彭镰心@9peng lian xin@4主编
701  0 @a向达兵@9xiang da bing@4主编
801  0 @aCN@b91MARC@c20151126
905    @aMuseLib@dS517@e82
    
    荞麦栽培学/赵钢,彭镰心,向达兵主编.-北京:科学出版社,2015.08
    458页:图;25cm
    
    
    ISBN 978-7-03-045575-8(精装):CNY98.00
    本书主要介绍杂粮栽培学的基本概念、形成与特征,主要栽培杂粮的起源、传播与分布,以及人类的应用。重点介绍了杂粮的生长发育特性、器官的形成及生长发育的相关性等作物个体生长与发育的基本规律;杂粮群体生长的基本特征与特性,杂粮群体物质生产中源、库、流的相互关系,杂粮产量构成因子、产量形成及产量潜力,以及品质形成规律与调控;杂粮与生态环境的关系,杂粮的生态适应性及环境对作物生长的调节作用。
●
相关链接 在E读中查询图书 在五车中查询图书 在当当中查询图书 在豆瓣中查询图书


正题名:荞麦栽培学     索取号:S517/82         预约/预借

序号 登录号 条形码 馆藏地/架位号 状态 备注
1 1125751   211257511   第二样本阅览室/ [索取号:S517/82] 在馆    
2 1125752   211257520   第三借阅区/ [索取号:S517/82] 在馆    
3 1125753   211257539   第三借阅区/ [索取号:S517/82] 在馆    
4 1125754   211257548   密集书库-生命科学系/ [索取号:S517/82] 在馆    
5 1125755   211257557   第三借阅区/ [索取号:S517/82] 在馆    
唐山师范学院图书馆 欢迎您!
大连网信软件有限公司© 版权所有